दक्षिण अफ्रीका के: सत्याग्रह का इतिहास / (Record no. 49978)

MARC details
000 -LEADER
fixed length control field 01542nam a22002657a 4500
005 - DATE AND TIME OF LATEST TRANSACTION
control field 20101206113148.0
008 - FIXED-LENGTH DATA ELEMENTS--GENERAL INFORMATION
fixed length control field 101206t xxu||||| |||| 00| 0 hin d
010 ## - LCCN (DPL NO)
LC control number HIN-91554
020 ## - INTERNATIONAL STANDARD BOOK NUMBER
Terms of availability 300.00
International Standard Book Number 9788173093920
035 ## - SYSTEM CONTROL NUMBER
System control number HN-63900
037 ## - SOURCE OF ACQUISITION
Source of stock number/acquisition DBAD/PUB
040 ## - CATALOGING SOURCE
Original cataloging agency DPL
Language of cataloging HN
082 ## - DEWEY DECIMAL CLASSIFICATION NUMBER
Classification number 301.153
100 ## - MAIN ENTRY--PERSONAL NAME
9 (RLIN) 24598
Personal name गांधी, मोहनदास करमचंद
245 ## - TITLE STATEMENT
Title दक्षिण अफ्रीका के: सत्याग्रह का इतिहास /
Statement of responsibility, etc मोहनदास करमचंद गांधी; कालिका प्रसाद द्वारा अनुदित
260 ## - PUBLICATION, DISTRIBUTION, ETC. (IMPRINT)
Place of publication, distribution, etc नई दिल्ली
Name of publisher, distributor, etc सस्ता साहित्य मण्डल
Date of publication, distribution, etc 2009
270 ## - ADDRESS
Address एन-77, पहली मंजिल, कनॉट सर्कस
City नई दिल्ली
Postal code 110001
Telephone number 23310505
Electronic mail address manager@sastasahityamandal.org
300 ## - PHYSICAL DESCRIPTION
Extent 320पृ
Dimensions 22सेमी (सजिल्द)
500 ## - GENERAL NOTE
General note राजनीति के क्षेत्र में बड़े पैमाने पर सत्याग्रह के पहले प्रयोग का इतिहास
650 ## - SUBJECT ADDED ENTRY--TOPICAL TERM
9 (RLIN) 1169
700 ## - ADDED ENTRY--PERSONAL NAME
9 (RLIN) 24599
Personal name कालिका प्रसाद
700 ## - ADDED ENTRY--PERSONAL NAME
9 (RLIN) 25390
942 ## - ADDED ENTRY ELEMENTS (KOHA)
Source of classification or shelving scheme Dewey Decimal Classification
Item type Hindi Books
Call number suffix गांधीमो
Classification part 301.153
Holdings
Withdrawn status Lost status Source of classification or shelving scheme Damaged status Not for loan Collection code Home library Current library Date acquired Source of acquisition Cost, normal purchase price Total Checkouts Full call number Barcode Date last seen Copy number Cost, replacement price Koha item type
    Dewey Decimal Classification   Not For Loan Non-fiction D.B.Act.Division D.B.Act.Division 20/01/2011 DBAD /PUB 300.00   301.153गांधीमो HN-63900 20/01/2011 1 300.00 Hindi Books

© Delhi Public Library
Hit Counter
free hit counter